| 000 | 01025nac a22002771i 4500 | ||
|---|---|---|---|
| 003 | EG-ScBUE | ||
| 005 | 20240902084755.0 | ||
| 008 | 240902s2001 ii f 001 0 eng d | ||
| 020 | _a8121920825 | ||
| 020 | _a9788121920827 | ||
| 040 |
_aEG-ScBUE _beng _erda _cEG-ScBUE _dEG-ScBUE |
||
| 082 | 0 | 4 |
_a510 _bMUR _222 |
| 100 | 1 |
_aMurthy, Ramana V., _eauthor. |
|
| 245 | 1 | 0 |
_aApplied mathematics / _cRamana V. Murthy, professor and head, Department of Applied Sciences, Finolex Academy of Management and Technology, N.C. Srinivas, professor, Department of Mathematics, Vivekananda Education Society's, Institute of Technology. |
| 250 | _aFirst edition. | ||
| 264 | 1 |
_aNew Delhi : _bS. Chand & Company LTD, _c2001. |
|
| 300 |
_a720 pages ; _c25 cm |
||
| 336 |
_2rdacontent _atext _btxt |
||
| 337 |
_aunmediated _2rdamedia _bn |
||
| 338 |
_avolume _bnc _2rdacarrier |
||
| 500 | _aIncludes index. | ||
| 650 | 7 |
_aMathematics. _2BUEsh |
|
| 655 | _vReading book | ||
| 700 | 1 |
_aSrinivas, N. C., _eauthor. |
|
| 942 |
_cBB _2ddc |
||
| 999 |
_c1239 _d1239 |
||